| 000 | 00596aam a2200229 4500 | ||
|---|---|---|---|
| 005 | 20161114143808.0 | ||
| 008 | 150716b xxu||||| |||| 00| 0 spa d | ||
| 041 | _aInglés | ||
| 082 | _a917.286 M531t | ||
| 100 |
_aMellin,Maribeth _931433 |
||
| 245 | _aTraveler`s Costa Rica Companion | ||
| 250 | _a2 edición. | ||
| 260 | _aEstados Unidos | ||
| 260 | _bThe Globe Pequot Press | ||
| 260 | _c2001 | ||
| 300 | _a272 páginas | ||
| 650 |
_aCOSTA RICA _931434 |
||
| 650 |
_aDESCRIPCIONES Y VIAJES _931435 |
||
| 650 |
_aGUÍAS _9738 |
||
| 650 |
_aGEOGRAFÍA TURÍSTICA _96732 |
||
| 942 | _cBK | ||
| 999 |
_c1797 _d1797 |
||